Offence of squatting in a residential building (Record no. 114565)

MARC details
000 -LEADER
fixed length control field 01506cad a22002535a 4500
001 - CONTROL NUMBER
control field L157061
008 - FIXED-LENGTH DATA ELEMENTS--GENERAL INFORMATION
fixed length control field 120828s2012 xxk f 000 0 eng d
035 ## - SYSTEM CONTROL NUMBER
System control number (Sirsi) u157061
041 0# - LANGUAGE CODE
Language code of text/sound track or separate title eng
110 2# - MAIN ENTRY--CORPORATE NAME
Corporate name or jurisdiction name as entry element United Kingdom
Subordinate unit Ministry of Justice
9 (RLIN) 5477
245 00 - TITLE STATEMENT
Title Offence of squatting in a residential building
Medium [electronic resource]
260 ## - PUBLICATION, DISTRIBUTION, ETC.
Place of publication, distribution, etc. London
Name of publisher, distributor, etc. MoJ
Date of publication, distribution, etc. 2012
490 #0 - SERIES STATEMENT
Series statement MoJ Circular
Volume/sequential designation 2012/14
505 2# - FORMATTED CONTENTS NOTE
Formatted contents note Introduction -- Penalties -- Relationship to other penalties -- Support for homeless and vulnerable people -- Annexe A Section 144 of Legal Aid, Sentencing and Punishment of Offenders Act 2012 -- Annexe B Section 7 of the Criminal Law Act 1977 -- Annexe C Section 2 of the Criminal Law Act 1977 -- Annexe D Section 12A of the Criminal Law Act 1977
520 ## - SUMMARY, ETC.
Summary, etc. Explains the offence of squatting in a residential building under the Legal Aid, Sentencing and Punishment of Offenders Act 2012 s144. Offers protection to owners and lawful occupiers of any residential building against trespasses. Effective from 1 September 2012.
590 ## - LOCAL NOTE (RLIN)
Local note KA NTK
650 24 - SUBJECT ADDED ENTRY--TOPICAL TERM
Topical term or geographic name entry element Legal Aid, Sentencing and Punishment of Offenders Act 2012 s144
650 24 - SUBJECT ADDED ENTRY--TOPICAL TERM
Topical term or geographic name entry element Criminal Law Act 1977 s2
650 24 - SUBJECT ADDED ENTRY--TOPICAL TERM
Topical term or geographic name entry element CRIMINAL LAW ACT 1977 S7
651 #4 - SUBJECT ADDED ENTRY--GEOGRAPHIC NAME
Geographic name England and Wales
Chronological subdivision 1543-
690 ## - LOCAL SUBJECT ADDED ENTRY--TOPICAL TERM (OCLC, RLIN)
Topical term or geographic name as entry element Residential property
9 (RLIN) 6266
856 40 - ELECTRONIC LOCATION AND ACCESS
Uniform Resource Identifier <a href="https://www.justice.gov.uk/downloads/legislation/bills-acts/circulars/squatting-circular.pdf">https://www.justice.gov.uk/downloads/legislation/bills-acts/circulars/squatting-circular.pdf</a>
Public note View the item free of charge from the www.justice.gov.uk website
942 ## - ADDED ENTRY ELEMENTS (KOHA)
Suppress in OPAC 0
Holdings
Withdrawn status Lost status Source of classification or shelving scheme Damaged status Not for loan Home library Current library Shelving location Date acquired Total Checkouts Full call number Barcode Date last seen Copy number Price effective from Koha item type
    Dewey Decimal Classification     Virtual Virtual Online 28/08/2012   ONLINE PUBLICATION 157061-2001 06/08/2019 1 06/08/2019 Book